[Event "4NCL/Div2/RICA vs. WES1"]
[Site "Birmingham ENG"]
[Date "2005.11.19"]
[Round "3.4"]
[White "Webb, Richard M"]
[Black "Bisby, Daniel L"]
[Result "1-0"]
[WhiteElo "2302"]
[BlackElo "2274"]
[PlyCount "67"]
[EventDate "2005.11.19"]
[EventType "team"]
[EventRounds "11"]
[EventCountry "ENG"]
[SourceDate "2005.10.25"]

1. e4 c5 2. Nc3 Nc6 3. Nf3 g6 4. d4 cxd4 5. Nxd4 Bg7 6. Be3 d6 7. Qd2 Nf6 8. f3
O-O 9. Bc4 Bd7 10. O-O-O Rc8 11. Bb3 Nxd4 12. Bxd4 b5 13. Nd5 Nxd5 14. Bxg7
Kxg7 15. exd5 a5 16. a3 b4 17. axb4 axb4 18. Qxb4 Rc7 19. Rhe1 Re8 20. Re3 Qa8
21. Qd4+ Kg8 22. Rde1 Bb5 23. Kb1 Ra7 24. Kc1 Qb7 25. h4 Rea8 26. Kd2 Be8 27.
Rxe7 Qxe7 28. Rxe7 Rxe7 29. Qf6 Rd7 30. g4 Rdd8 31. h5 h6 32. g5 Kh7 33. f4 Rd7
34. gxh6 1-0

[Event "4NCL/Div2/RICA vs. WES1"]
[Site "Birmingham ENG"]
[Date "2005.11.19"]
[Round "3.5"]
[White "Nixon, Thomas C M"]
[Black "Yeo, Michael J"]
[Result "1/2-1/2"]
[WhiteElo "2216"]
[BlackElo "2200"]
[PlyCount "60"]
[EventDate "2005.11.19"]
[EventType "team"]
[EventRounds "11"]
[EventCountry "ENG"]
[SourceDate "2005.10.25"]

1. d4 d5 2. Bf4 Nc6 3. e3 Nf6 4. Nd2 Bg4 5. f3 Bf5 6. c3 e6 7. Qb3 Rb8 8. Ne2
Bd6 9. Bg5 Be7 10. Ng3 Bg6 11. Qa4 h6 12. Bh4 Bh7 13. Bxf6 Bxf6 14. Bb5 O-O 15.
Bxc6 bxc6 16. Nb3 Be7 17. O-O Bd3 18. Rf2 Bb5 19. Qa5 Bc4 20. Nc1 Rb6 21. Qa4
c5 22. Qc2 cxd4 23. cxd4 {=} Qb8 24. Nf1 Rc8 25. b3 Ba6 26. Nd3 Bxd3 27. Qxd3
c5 28. dxc5 Rxc5 29. Rc2 Rbc6 30. Rac1 Qb6 1/2-1/2

[Event "4NCL/Div2/RICA vs. WES1"]
[Site "Birmingham ENG"]
[Date "2005.11.19"]
[Round "3.6"]
[White "Neil, David R"]
[Black "Wilson, Alexandra"]
[Result "1-0"]
[WhiteElo "2181"]
[BlackElo "2101"]
[PlyCount "79"]
[EventDate "2005.11.19"]
[EventType "team"]
[EventRounds "11"]
[EventCountry "ENG"]
[SourceDate "2005.10.25"]

1. c4 b6 2. Nc3 e6 3. Nf3 Bb7 4. d4 d5 5. cxd5 exd5 6. Bf4 Bd6 7. Bg3 Nf6 8. e3
Ne4 9. Bd3 Nd7 10. Qc2 Ndf6 11. Bh4 Qc8 12. Ne5 O-O 13. f3 Nxc3 14. bxc3 Bxe5
15. dxe5 Nd7 16. Bxh7+ Kh8 17. Bf5 Qe8 18. f4 Ba6 19. Kf2 Nc5 20. Rhd1 f6 21.
exf6 Qh5 22. g3 gxf6 23. Rxd5 Bb7 24. Qd1 Qe8 25. Rd4 Ne4+ 26. Bxe4 Bxe4 27.
Qg4 Qg6 28. Qxg6 Bxg6 29. Rad1 Bf5 30. Kf3 Kg7 31. e4 Be6 32. a3 Rh8 33. f5 Bf7
34. Rd7 Rac8 35. R1d2 Rhe8 36. g4 a5 37. Bg3 c5 38. h4 Rc6 39. g5 fxg5 40. hxg5
1-0

[Event "4NCL/Div2/RICA vs. WES1"]
[Site "Birmingham ENG"]
[Date "2005.11.19"]
[Round "3.7"]
[White "Mitchem, Nicholas D"]
[Black "Jenks, Bruce"]
[Result "1/2-1/2"]
[WhiteElo "2060"]
[BlackElo "2120"]
[PlyCount "80"]
[EventDate "2005.11.19"]
[EventType "team"]
[EventRounds "11"]
[EventCountry "ENG"]
[SourceDate "2005.10.25"]

1. e4 c5 2. Nf3 g6 3. d4 cxd4 4. Nxd4 Nc6 5. Be3 Nf6 6. Nc3 Bg7 7. Bc4 O-O 8.
f3 Qb6 9. Qd2 Nxe4 10. Nxe4 Bxd4 11. Bxd4 Qxd4 12. Qxd4 Nxd4 13. O-O-O Ne6 14.
h4 Rb8 15. h5 b5 16. Bb3 d6 17. hxg6 hxg6 18. Rh6 f5 19. Ng5 Kg7 20. Rh7+ Kf6
21. Nxe6 Bxe6 22. Bxe6 Kxe6 23. Re1+ Kd5 24. Rhxe7 a5 25. Rd1+ Kc5 26. Re6 d5
27. Rxg6 Rg8 28. Rxg8 Rxg8 29. Rg1 f4 30. Kd2 b4 31. Ke2 a4 32. Kf2 Kd4 33. Re1
a3 34. Rd1+ Kc4 35. bxa3 bxa3 36. Rd3 Kb4 37. Rb3+ Ka4 38. c3 Rc8 39. Rb4+ Ka5
40. Rb3 Ka4 1/2-1/2

[Event "4NCL/Div2/RICA vs. WES1"]
[Site "Birmingham ENG"]
[Date "2005.11.19"]
[Round "3.8"]
[White "Khoo, Selina"]
[Black "O'Toole, George E"]
[Result "1-0"]
[WhiteElo "1997"]
[BlackElo "1934"]
[PlyCount "93"]
[EventDate "2005.11.19"]
[EventType "team"]
[EventRounds "11"]
[EventCountry "ENG"]
[SourceDate "2005.10.25"]

1. e4 e5 2. Bc4 Nf6 3. d3 Nc6 4. Nc3 Bb4 5. Bg5 h6 6. Bxf6 Bxc3+ 7. bxc3 Qxf6
8. Ne2 d6 9. O-O g5 10. d4 O-O 11. Rb1 Ne7 12. Ng3 Ng6 13. Nh5 Qe7 14. Qf3 Nf4
15. Nxf4 gxf4 16. Qh5 Kh7 17. Rfe1 c6 18. g3 b5 19. Bf1 Rg8 20. Qd1 Bg4 21. Be2
h5 22. Kh1 Qf6 23. Qd2 fxg3 24. fxg3 h4 25. Rf1 Qe6 26. d5 cxd5 27. exd5 Qe7
28. Bxg4 Rxg4 29. gxh4 e4 30. Qf2 Rf8 31. Qf5+ Rg6 32. h5 Kg7 33. hxg6 fxg6 34.
Qg4 Rh8 35. Rxb5 e3 36. Qg2 Rh4 37. Rg1 Qf6 38. Rb7+ Kh6 39. Rb4 Rh5 40. Rg4 g5
41. Re4 Qxc3 42. Re6+ Kg7 43. Qe4 Rh6 44. Rxg5+ Kf7 45. Re7+ Kf8 46. Re8+ Kf7
47. Qe7# 1-0

[Event "4NCL/Div2/NWE2 vs. PYO"]
[Site "Birmingham ENG"]
[Date "2005.11.19"]
[Round "3.1"]
[White "Lund, D Brett"]
[Black "Rendle, Thomas E"]
[Result "0-1"]
[WhiteElo "2231"]
[BlackElo "2332"]
[PlyCount "78"]
[EventDate "2005.11.19"]
[EventType "team"]
[EventRounds "11"]
[EventCountry "ENG"]
[SourceDate "2005.10.25"]

1. g3 f5 2. Bg2 Nf6 3. c4 g6 4. d3 d6 5. e4 Nc6 6. Nc3 Bg7 7. Nge2 O-O 8. O-O
e5 9. Nd5 Ne7 10. Nxf6+ Bxf6 11. d4 fxe4 12. d5 Bg4 13. Bxe4 c6 14. Qd3 cxd5
15. cxd5 Nf5 16. f3 Bh3 17. Rf2 Qb6 18. Qb3 Qxb3 19. axb3 Bd8 20. g4 Bb6 21.
gxf5 gxf5 22. Bd3 Kh8 23. f4 Rg8+ 24. Ng3 h5 25. Ra4 e4 26. Bf1 h4 27. Bxh3
hxg3 28. hxg3 Rxg3+ 29. Kh2 Bxf2 30. Bd2 Rf8 31. Bc3+ Kh7 32. Rc4 Rf7 33. Rc8
Rg8 34. Rc4 Bg3+ 35. Kh1 Bxf4 36. Bd4 Rg3 37. Bg2 Be5 38. Bxe5 dxe5 39. d6 Rg6
0-1

[Event "4NCL/Div2/NWE2 vs. PYO"]
[Site "Birmingham ENG"]
[Date "2005.11.19"]
[Round "3.2"]
[White "Bigg, Andrew J"]
[Black "Hulmes, David I"]
[Result "1/2-1/2"]
[WhiteElo "2295"]
[BlackElo "2206"]
[PlyCount "114"]
[EventDate "2005.11.19"]
[EventType "team"]
[EventRounds "11"]
[EventCountry "ENG"]
[SourceDate "2005.10.25"]

1. d4 d5 2. Nf3 Nf6 3. c4 e6 4. Nc3 Be7 5. Bg5 h6 6. Bxf6 Bxf6 7. Qc2 O-O 8. e4
dxe4 9. Qxe4 c5 10. O-O-O Bxd4 11. Nxd4 cxd4 12. Rxd4 Qa5 13. Be2 Nd7 14. Rhd1
Nf6 15. Qe3 e5 16. Rd6 Be6 17. Kb1 Rac8 18. b3 Rfe8 19. Kb2 Qc5 20. Qxc5 Rxc5
21. b4 Rcc8 22. c5 a6 23. a3 Rc7 24. h3 Kf8 25. Bf3 Bc8 26. Bd5 Rce7 27. f3 Be6
28. Bb3 Bxb3 29. Kxb3 Rc7 30. Ne4 Nxe4 31. fxe4 a5 32. Kc4 axb4 33. axb4 Ke7
34. Kb5 Rec8 35. R1d5 f6 36. g4 Ke8 37. h4 Re7 38. Kb6 Rcc7 39. b5 Rc8 40. Rd3
Ra8 41. Rd2 Rc8 42. Ra2 Kf7 43. Ra7 Rb8 44. Ra3 Rc8 45. Rf3 Ke8 46. g5 hxg5 47.
hxg5 fxg5 48. Rf5 Ra8 49. Rxg5 Ra4 50. Rg4 Rd4 51. Rxd4 exd4 52. e5 d3 53. Rd4
Rd7 54. Rxd7 Kxd7 55. c6+ bxc6 56. bxc6+ Ke7 57. c7 d2 1/2-1/2

[Event "4NCL/Div2/NWE2 vs. PYO"]
[Site "Birmingham ENG"]
[Date "2005.11.19"]
[Round "3.3"]
[White "Hughes, Howard R"]
[Black "Dorrington, Christopher"]
[Result "0-1"]
[WhiteElo "2194"]
[BlackElo "2227"]
[PlyCount "78"]
[EventDate "2005.11.19"]
[EventType "team"]
[EventRounds "11"]
[EventCountry "ENG"]
[SourceDate "2005.10.25"]

1. e4 c5 2. d4 cxd4 3. c3 Nf6 4. e5 Nd5 5. Nf3 Nc6 6. Bc4 Nb6 7. Bb3 d5 8. exd6
Qxd6 9. O-O Bf5 10. Na3 a6 11. Bxf7+ Kxf7 12. Qb3+ Nd5 13. Qxb7 Rc8 14. Qxa6
dxc3 15. bxc3 Nd4 16. Ng5+ Kg8 17. Qxd6 Ne2+ 18. Kh1 exd6 19. c4 Nxc1 20. Rfxc1
Nb6 21. Nb5 Be7 22. Nf3 Nxc4 23. Nfd4 Bd7 24. a4 Kf7 25. Rc3 Rhd8 26. Na7 Rc5
27. Rd1 Bxa4 28. Ra1 Nb6 29. Rf3+ Bf6 30. Rb1 Ra8 31. g4 Rxa7 32. Rxb6 Bd1 33.
Rd3 Bxg4 34. h3 Bf5 35. Nxf5 Rxf5 36. Kg2 Be5 37. Rd2 Ke6 38. Rc2 Raf7 39. Rb8
Re7 0-1

[Event "4NCL/Div2/NWE2 vs. PYO"]
[Site "Birmingham ENG"]
[Date "2005.11.19"]
[Round "3.4"]
[White "Bennet, William D"]
[Black "Lyell, Mark"]
[Result "1-0"]
[WhiteElo "2165"]
[BlackElo "2203"]
[PlyCount "133"]
[EventDate "2005.11.19"]
[EventType "team"]
[EventRounds "11"]
[EventCountry "ENG"]
[SourceDate "2005.10.25"]

1. d4 d5 2. c4 Nc6 3. e3 e5 4. cxd5 Qxd5 5. Nc3 Bb4 6. a3 Bxc3+ 7. bxc3 Nf6 8.
c4 Qd6 9. d5 Ne7 10. a4 Ne4 11. Ba3 Nc5 12. Ne2 Bf5 13. Nc3 b6 14. Nb5 Qd7 15.
d6 cxd6 16. Qxd6 O-O 17. Bxc5 bxc5 18. Qxe5 Rfd8 19. Qc3 a6 20. Na3 Qxa4 21.
Be2 Qb4 22. Rc1 Bd3 23. Bxd3 Rxd3 24. Qxb4 cxb4 25. Nc2 Rc3 26. Kd2 Rxc4 27.
Nd4 Rxc1 28. Rxc1 a5 29. Ra1 Kf8 30. Kd3 Ke8 31. Kc4 Kd7 32. Kb5 Rb8+ 33. Kc4
Rc8+ 34. Kb5 Nc6 35. Nb3 Rb8+ 36. Kc5 Ra8 37. Kb5 Kc7 38. Nc5 Ra7 39. Na6+ Kb7
40. Nc5+ Kc7 41. Na6+ Kd6 42. Nc5 Ne5 43. Rd1+ Ke7 44. Ra1 f5 45. h3 Nd7 46.
Nb3 Rc7 47. Kxa5 Rc2 48. Rf1 Kf6 49. Kxb4 Ne5 50. Nc5 g5 51. Kb5 Rb2+ 52. Ka6
g4 53. hxg4 Nxg4 54. f3 Nxe3 55. Rh1 Kg6 56. Nd3 Ra2+ 57. Kb5 Nxg2 58. Rh2 Kf6
59. Nf4 Rb2+ 60. Ka4 Nxf4 61. Rxb2 Ke5 62. Rh2 Kd4 63. Rxh7 Ke3 64. Rf7 Nd3 65.
Kb5 Ne5 66. Rxf5 Ng6 67. Kc5 1-0

[Event "4NCL/Div2/NWE2 vs. PYO"]
[Site "Birmingham ENG"]
[Date "2005.11.19"]
[Round "3.5"]
[White "Hanley, James"]
[Black "Eckersley-Waites, Tom"]
[Result "0-1"]
[WhiteElo "2108"]
[BlackElo "2116"]
[PlyCount "72"]
[EventDate "2005.11.19"]
[EventType "team"]
[EventRounds "11"]
[EventCountry "ENG"]
[SourceDate "2005.10.25"]

1. e4 c5 2. Nf3 Nc6 3. d4 cxd4 4. Nxd4 Nf6 5. Nc3 e5 6. Ndb5 d6 7. Bg5 a6 8.
Na3 b5 9. Bxf6 gxf6 10. Nd5 f5 11. exf5 Bxf5 12. c3 Bg7 13. Nc2 O-O 14. Nce3
Bg6 15. h4 Be4 16. Bd3 Bxd5 17. Nxd5 f5 18. Ne3 Ne7 19. Qb3+ Kh8 20. O-O-O Rb8
21. h5 b4 22. h6 Bf6 23. c4 e4 24. Bf1 Nc6 25. Rh5 Qe8 26. g4 Na5 27. Qc2 b3
28. Qd2 bxa2 29. Qxa5 Rxb2 30. Nc2 Qb8 31. Qa3 Rb1+ 32. Kd2 Rxd1+ 33. Kxd1 Qb1+
34. Kd2 Bb2 35. Qa4 Qxf1 36. Rxf5 Qd3+ 0-1

[Event "4NCL/Div2/NWE2 vs. PYO"]
[Site "Birmingham ENG"]
[Date "2005.11.19"]
[Round "3.6"]
[White "Hillman, Jamie O"]
[Black "McCarthy, Jim"]
[Result "1/2-1/2"]
[WhiteElo "1999"]
[BlackElo "2082"]
[PlyCount "59"]
[EventDate "2005.11.19"]
[EventType "team"]
[EventRounds "11"]
[EventCountry "ENG"]
[SourceDate "2005.10.25"]

1. e4 c5 2. Nf3 Nc6 3. d4 cxd4 4. Nxd4 e6 5. Nc3 a6 6. Be3 Qc7 7. Be2 Nf6 8.
O-O Bb4 9. f3 O-O 10. Nb3 Ne5 11. Qd4 Be7 12. Na4 b5 13. Nb6 Rb8 14. Nxc8 Rfxc8
15. Rac1 Nc4 16. Bf2 e5 17. Qc3 d5 18. Bd3 d4 19. Qe1 Nxb2 20. f4 Bd6 21. fxe5
Bxe5 22. Bxd4 Bxd4+ 23. Nxd4 Qa7 24. Qb4 Nxd3 25. cxd3 h6 26. Kh1 Rxc1 27. Rxc1
Re8 28. h3 Qd7 29. Qc5 Kh7 30. Rc3 1/2-1/2

[Event "4NCL/Div2/NWE2 vs. PYO"]
[Site "Birmingham ENG"]
[Date "2005.11.19"]
[Round "3.7"]
[White "Connor, Stephen J"]
[Black "Wells, Daniel"]
[Result "1/2-1/2"]
[WhiteElo "2135"]
[BlackElo "1997"]
[PlyCount "80"]
[EventDate "2005.11.19"]
[EventType "team"]
[EventRounds "11"]
[EventCountry "ENG"]
[SourceDate "2005.10.25"]

1. e4 c5 2. Nf3 d6 3. d4 cxd4 4. Nxd4 Nf6 5. Nc3 g6 6. Be3 Bg7 7. f3 O-O 8. Qd2
Nc6 9. O-O-O Nxd4 10. Bxd4 Be6 11. Kb1 Qc7 12. g4 Rfc8 13. h4 Qa5 14. Nd5 Qxd2
15. Nxf6+ Bxf6 16. Rxd2 Bxd4 17. Rxd4 Rc5 18. Be2 Rac8 19. c3 h6 20. f4 Kg7 21.
Rhd1 g5 22. f5 Bc4 23. Bxc4 Rxc4 24. h5 {=} Kf6 25. Kc2 Rxd4 26. Rxd4 Ke5 27.
Kd3 Kf4 28. f6 exf6 29. e5+ Kxe5 30. Re4+ Kd5 31. Re7 Rc4 32. Rxf7 Rf4 33. c4+
Rxc4 34. Rxf6 Rxg4 35. Rxh6 Rh4 36. Rh7 b5 37. h6 Ke6 38. Rxa7 Rxh6 39. Rb7
Rh3+ 40. Kd4 Rh4+ 1/2-1/2

[Event "4NCL/Div2/NWE2 vs. PYO"]
[Site "Birmingham ENG"]
[Date "2005.11.19"]
[Round "3.8"]
[White "Hegarty, Sarah"]
[Black "Morrison, Lynne"]
[Result "1-0"]
[WhiteElo "1892"]
[BlackElo "2003"]
[PlyCount "137"]
[EventDate "2005.11.19"]
[EventType "team"]
[EventRounds "11"]
[EventCountry "ENG"]
[SourceDate "2005.10.25"]

1. e4 c5 2. Nc3 Nc6 3. d3 g6 4. g3 Bg7 5. Bg2 d6 6. Be3 e6 7. Qd2 Nge7 8. Bh6
Bf6 9. h4 Qb6 10. O-O-O Bd7 11. Nge2 O-O-O 12. Qf4 Ng8 13. Bg5 Bxg5 14. hxg5
Be8 15. Rh2 Ne5 16. Rdh1 Bc6 17. Rxh7 Rxh7 18. Rxh7 a6 19. Bh3 Qb4 20. Qe3 Rf8
21. f4 Nd7 22. f5 exf5 23. exf5 gxf5 24. Bxf5 Kd8 25. a3 Qa5 26. Qf4 Ne5 27. d4
cxd4 28. Nxd4 Ba4 29. Bh3 Bd7 30. Bxd7 Kxd7 31. g6 Nxg6 32. Rxf7+ Rxf7 33.
Qxf7+ N8e7 34. Qe6+ Kc7 35. Qc4+ Kd7 36. Qa4+ Qxa4 37. Nxa4 b5 38. Nc3 d5 39.
Kd2 Kd6 40. Ke3 Ne5 41. b3 N7g6 42. Nce2 Kc5 43. Ne6+ Kd6 44. N6f4 Ng4+ 45. Kd4
Ne7 46. Nd3 Nf5+ 47. Kc3 a5 48. b4 axb4+ 49. Kxb4 Kc6 50. c3 Kb6 51. Nd4 Nxg3
52. Nxb5 Ne3 53. Nd4 Ne4 54. a4 Nc4 55. Nb3 Ned6 56. Nf4 Kc6 57. Nd4+ Kb7 58.
Nxd5 Ne5 59. Nb5 Ndc4 60. a5 Kc6 61. Ne7+ Kb7 62. Ng6 Ka6 63. Nxe5 Nxe5 64.
Nc7+ Kb7 65. Nd5 Nc6+ 66. Kb5 Na7+ 67. Ka4 Ka6 68. c4 Nc6 69. Nb4+ 1-0

[Event "4NCL/Div2/WWKS1 vs. GUI3"]
[Site "Birmingham ENG"]
[Date "2005.11.19"]
[Round "3.1"]
[White "Wu, Li"]
[Black "Thompson, Ian D"]
[Result "1/2-1/2"]
[WhiteElo "2287"]
[BlackElo "2295"]
[PlyCount "55"]
[EventDate "2005.11.19"]
[EventType "team"]
[EventRounds "11"]
[EventCountry "ENG"]
[SourceDate "2005.10.25"]

1. d4 d5 2. c4 e6 3. Nc3 c6 4. Nf3 Nf6 5. Bg5 h6 6. Bxf6 Qxf6 7. e3 Nd7 8. cxd5
exd5 9. Bd3 Be7 10. Qc2 O-O 11. O-O g6 12. Rab1 b6 13. e4 Bb7 14. exd5 cxd5 15.
Rfe1 Rfd8 16. Qd2 Bf8 17. Rbc1 Bd6 18. Qe2 Nf8 19. Ba6 Bxa6 20. Qxa6 Bf4 21.
Rcd1 Qc6 22. Ne5 Bxe5 23. Rxe5 Ne6 24. Qd3 Nc7 25. Qe3 Kg7 26. Re7 Qd6 27. Re1
Re8 28. Qe5+ 1/2-1/2

[Event "4NCL/Div2/WWKS1 vs. GUI3"]
[Site "Birmingham ENG"]
[Date "2005.11.19"]
[Round "3.2"]
[White "Cooksey, Paul S"]
[Black "Mason, Don"]
[Result "1-0"]
[WhiteElo "2253"]
[BlackElo "2277"]
[PlyCount "78"]
[EventDate "2005.11.19"]
[EventType "team"]
[EventRounds "11"]
[EventCountry "ENG"]
[SourceDate "2005.10.25"]

1. d4 g6 2. e4 Bg7 3. Nf3 d6 4. Nc3 a6 5. Be3 b5 6. a4 b4 7. Ne2 Bb7 8. Ng3 Nf6
9. Bd3 O-O 10. O-O Nbd7 11. c3 bxc3 12. bxc3 c5 13. Nd2 Qc7 14. Kh1 h5 15. f3
e5 16. d5 h4 17. Ne2 Nh5 18. Nc4 f5 19. Rb1 Bc8 20. f4 exf4 21. Nxf4 Nxf4 22.
Bxf4 Ne5 23. Bxe5 Bxe5 24. Nxe5 dxe5 25. exf5 Bxf5 26. Bxf5 Rxf5 27. Rxf5 gxf5
28. Qh5 Rb8 29. Qg5+ Kh8 30. Qxh4+ Kg7 31. Qg5+ Kh8 32. Qh6+ Kg8 33. Qe6+ Kh8
34. Rf1 f4 35. d6 Qg7 36. d7 Rg8 37. Qd5 Rd8 38. Rd1 Kh7 39. Qe6 e4 1-0

[Event "4NCL/Div2/WWKS1 vs. GUI3"]
[Site "Birmingham ENG"]
[Date "2005.11.19"]
[Round "3.3"]
[White "James, Russell A"]
[Black "Jackson, Adrian"]
[Result "1-0"]
[WhiteElo "2219"]
[BlackElo "2226"]
[PlyCount "109"]
[EventDate "2005.11.19"]
[EventType "team"]
[EventRounds "11"]
[EventCountry "ENG"]
[SourceDate "2005.10.25"]

1. d4 Nf6 2. Bg5 c5 3. d5 Ne4 4. Bf4 Qb6 5. Nd2 Qxb2 6. Nxe4 Qb4+ 7. c3 Qxe4 8.
e3 e6 9. dxe6 Qxe6 10. Nf3 Nc6 11. Ng5 Qe7 12. Bc4 Ne5 13. Bd5 h6 14. Ne4 d6
15. Rb1 f5 16. Ng3 g5 17. Bxe5 dxe5 18. Qh5+ Kd8 19. O-O Rb8 20. e4 f4 21. Nf5
Qf6 22. Rfd1 Kc7 23. Qe2 a6 24. a4 b6 25. c4 a5 26. Rb5 Bd7 27. Rdb1 Bxb5 28.
Rxb5 Rh7 29. Rb1 Rd7 30. Qb2 Rxd5 31. cxd5 Qf7 32. Rd1 Bd6 33. Rb1 Qd7 34. Qb3
h5 35. Qc4 Rb7 36. Qa6 Bf8 37. Qa8 Qc8 38. d6+ Kd7 39. Qa6 Qc6 40. Qc4 Kc8 41.
Qe6+ Kb8 42. Qxe5 Ka7 43. Qe6 Qxa4 44. e5 Qe4 45. Rf1 f3 46. Ne3 fxg2 47. Rd1
Qc6 48. Qf5 Rb8 49. Qf7+ Ka6 50. Nd5 a4 51. Nc7+ Ka5 52. Ne6 Bxd6 53. exd6 Rb7
54. d7 Qe4 55. Qe8 1-0

[Event "4NCL/Div2/WWKS1 vs. GUI3"]
[Site "Birmingham ENG"]
[Date "2005.11.19"]
[Round "3.4"]
[White "Richardson, Keith B"]
[Black "Hynes, Anthony"]
[Result "1-0"]
[WhiteElo "2236"]
[BlackElo "2283"]
[PlyCount "211"]
[EventDate "2005.11.19"]
[EventType "team"]
[EventRounds "11"]
[EventCountry "ENG"]
[SourceDate "2005.10.25"]

1. c4 Nf6 2. Nc3 g6 3. g3 Bg7 4. Bg2 O-O 5. Nf3 d6 6. d4 Nc6 7. O-O e5 8. d5
Ne7 9. e4 Ne8 10. Ne1 f5 11. Nd3 Nf6 12. Bg5 Nxe4 13. Nxe4 fxe4 14. Bxe4 Bh3
15. Re1 Qd7 16. f4 Rae8 17. fxe5 dxe5 18. Nf2 Bf5 19. Bg2 h6 20. Bd2 g5 21. Bc3
Bh7 22. Ne4 Bf5 23. b4 Nc8 24. c5 Kh8 25. a3 Rd8 26. Nf2 Rfe8 27. Ra2 Re7 28.
Rae2 Rde8 29. Qa1 Kh7 30. Ne4 b6 31. Rf2 Rf7 32. Ref1 Bg6 33. h4 Rxf2 34. Rxf2
gxh4 35. gxh4 Qg4 36. Qe1 Qxh4 37. d6 cxd6 38. cxd6 Rd8 39. Bxe5 Nxd6 40. Bxd6
Bd4 41. Kf1 Bxf2 42. Qxf2 Qxf2+ 43. Kxf2 Rc8 44. Ke3 Rc2 45. Bf1 Rc6 46. Bd3
Kg8 47. Bb8 a5 48. b5 Rc1 49. Ba7 Ra1 50. Bxb6 Rxa3 51. Bc7 a4 52. b6 Rb3 53.
Nc5 Rxb6 54. Bxb6 Bxd3 55. Kxd3 a3 56. Nb3 Kg7 57. Bc5 a2 58. Bd4+ Kg6 59. Nc1
h5 60. Nxa2 Kg5 61. Ke3 Kg4 62. Kf2 Kf4 63. Nc3 Kg4 64. Ne2 Kf5 65. Kg3 Ke4 66.
Bb6 Kf5 67. Kh4 Kg6 68. Nf4+ Kf5 69. Nxh5 Ke4 70. Kg4 Ke5 71. Ng3 Ke6 72. Kf4
Kd5 73. Be3 Ke6 74. Ke4 Kd6 75. Nf5+ Kc6 76. Kd4 Kb5 77. Nd6+ Kc6 78. Ke5 Kd7
79. Kd5 Kc7 80. Nb5+ Kd7 81. Bg5 Kc8 82. Kc6 Kb8 83. Bf4+ Ka8 84. Nc7+ Ka7 85.
Be3+ Kb8 86. Bd4 Kc8 87. Ba7 Kd8 88. Nd5 Kc8 89. Ne7+ Kd8 90. Kd6 Ke8 91. Ke6
Kd8 92. Bb6+ Ke8 93. Nf5 Kf8 94. Bd4 Ke8 95. Bf6 Kf8 96. Be7+ Kg8 97. Kf6 Kh7
98. Bf8 Kg8 99. Bb4 Kh7 100. Bc5 Kg8 101. Kg6 Kh8 102. Ne3 Kg8 103. Ng4 Kh8
104. Bd6 Kg8 105. Nh6+ Kh8 106. Be5# 1-0

[Event "4NCL/Div2/WWKS1 vs. GUI3"]
[Site "Birmingham ENG"]
[Date "2005.11.19"]
[Round "3.5"]
[White "Thomas, Nicholas"]
[Black "Abayasekera, Roger"]
[Result "1-0"]
[WhiteElo "2234"]
[BlackElo "2210"]
[PlyCount "53"]
[EventDate "2005.11.19"]
[EventType "team"]
[EventRounds "11"]
[EventCountry "ENG"]
[SourceDate "2005.10.25"]

1. e4 c5 2. Nc3 Nc6 3. g3 g6 4. Bg2 Bg7 5. d3 d6 6. f4 e6 7. Nf3 Nge7 8. O-O
O-O 9. Be3 b6 10. Bf2 d5 11. Re1 Bb7 12. g4 dxe4 13. dxe4 Qxd1 14. Raxd1 Rfd8
15. Bh4 h6 16. e5 Ba6 17. Nd2 g5 18. fxg5 Bxe5 19. gxh6 f6 20. Rxe5 fxe5 21.
Bxe7 Nxe7 22. Bxa8 Rxa8 23. Nde4 Rf8 24. Rd7 Nd5 25. Rg7+ Kh8 26. Nxd5 exd5 27.
Ng5 1-0

[Event "4NCL/Div2/WWKS1 vs. GUI3"]
[Site "Birmingham ENG"]
[Date "2005.11.19"]
[Round "3.6"]
[White "Anderton, Matthew N"]
[Black "Shephard, Chris C W"]
[Result "1/2-1/2"]
[WhiteElo "2205"]
[BlackElo "2195"]
[PlyCount "55"]
[EventDate "2005.11.19"]
[EventType "team"]
[EventRounds "11"]
[EventCountry "ENG"]
[SourceDate "2005.10.25"]

1. e4 c5 2. c3 Nf6 3. e5 Nd5 4. d4 cxd4 5. Nf3 e6 6. cxd4 d6 7. a3 dxe5 8. dxe5
Bd7 9. Bd3 Bc6 10. O-O Nd7 11. b4 a6 12. Re1 Be7 13. Nd4 Qc7 14. Bb2 Nf4 15.
Nxc6 Nxd3 16. Qxd3 Qxc6 17. Nd2 Nb6 18. Rac1 Qd5 19. Qe3 Rd8 20. Rc2 Qd3 21.
Rec1 Qxe3 22. fxe3 O-O 23. Bd4 Nd5 24. Ne4 f5 25. exf6 gxf6 26. Nc3 Nxc3 27.
Rxc3 Bd6 28. Kf2 1/2-1/2

[Event "4NCL/Div2/WWKS1 vs. GUI3"]
[Site "Birmingham ENG"]
[Date "2005.11.19"]
[Round "3.7"]
[White "Fishburne, Stewart K"]
[Black "Stimpson, Philip M"]
[Result "1-0"]
[WhiteElo "2170"]
[BlackElo "2135"]
[PlyCount "95"]
[EventDate "2005.11.19"]
[EventType "team"]
[EventRounds "11"]
[EventCountry "ENG"]
[SourceDate "2005.10.25"]

1. e4 d5 2. exd5 Nf6 3. c4 e6 4. dxe6 Bxe6 5. d4 Bb4+ 6. Bd2 Bxd2+ 7. Qxd2 Qe7
8. Nc3 Bxc4+ 9. Qe3 Bxf1 10. Kxf1 Qxe3 11. fxe3 Nc6 12. Nf3 O-O-O 13. h3 Rhe8
14. Kf2 Nb4 15. Ne5 Nd7 16. a3 Nxe5 17. axb4 Nd3+ 18. Ke2 Nxb4 19. Rxa7 Kb8 20.
Ra4 Nc2 21. Kd3 b5 22. Ra5 Nxe3 23. Rha1 Nxg2 24. Nxb5 Kc8 25. Ra7 Re7 26. Rc1
Nf4+ 27. Kc4 Nd5 28. Ra8+ Kd7 29. Rxd8+ Kxd8 30. Kxd5 Re3 31. Nxc7 Rxh3 32. Nb5
Rb3 33. Nd6 Rxb2 34. Nxf7+ Ke7 35. Ne5 Kf6 36. Rf1+ Kg5 37. Rg1+ Kf6 38. Rf1+
Kg5 39. Ke6 Rb6+ 40. Ke7 Rb7+ 41. Kd6 h5 42. d5 h4 43. Ke6 h3 44. d6 Kh4 45. d7
Rxd7 46. Kxd7 g5 47. Rg1 h2 48. Nf3+ 1-0

[Event "4NCL/Div2/WWKS1 vs. GUI3"]
[Site "Birmingham ENG"]
[Date "2005.11.19"]
[Round "3.8"]
[White "Yurenok, Maria S"]
[Black "Chevannes, Sabrina"]
[Result "1/2-1/2"]
[WhiteElo "2072"]
[BlackElo "2100"]
[PlyCount "106"]
[EventDate "2005.11.19"]
[EventType "team"]
[EventRounds "11"]
[EventCountry "ENG"]
[SourceDate "2005.10.25"]

1. d4 Nf6 2. c4 c6 3. Nc3 d5 4. e3 e6 5. Nf3 Bd6 6. Qc2 Nbd7 7. b3 O-O 8. Bb2
Re8 9. Be2 a6 10. O-O c5 11. Rad1 cxd4 12. exd4 b6 13. Rfe1 Bb7 14. cxd5 Nxd5
15. Nxd5 Bxd5 16. Bc1 h6 17. Be3 Qe7 18. Qb2 Rec8 19. Ne5 b5 20. Bd3 Rc7 21.
Bc1 Rac8 22. Qe2 Nf6 23. Bd2 Ra7 24. Qe3 Bb4 25. Bb1 {=} Bxd2 26. Qxd2 Qb7 27.
f3 Qb6 28. Kh1 Rac7 29. Re3 Bb7 30. Ng4 Nd5 31. Rd3 Nc3 32. Re1 Nxb1 33. Rxb1
Rc2 34. Qd1 Qc7 35. Ne3 Rxa2 36. Rd2 Rxd2 37. Qxd2 Qc3 38. Qxc3 Rxc3 39. Nd1
Rd3 40. Kg1 Rxd4 41. Kf2 Kh7 42. Ke3 Rd8 43. Nc3 b4 44. Ne4 Bd5 45. Nc5 a5 46.
Ra1 Ra8 47. Kd4 Kg6 48. Ke5 f6+ 49. Kd6 Kf5 50. Kc7 Ke5 51. Rd1 a4 52. bxa4 b3
53. Nd7+ Kf5 1/2-1/2

[Event "4NCL/Div2/WRO vs. CAMB1"]
[Site "Birmingham ENG"]
[Date "2005.11.19"]
[Round "3.1"]
[White "Hanley, Craig A"]
[Black "Dearing, Eddie"]
[Result "1/2-1/2"]
[WhiteElo "2388"]
[BlackElo "2417"]
[PlyCount "42"]
[EventDate "2005.11.19"]
[EventType "team"]
[EventRounds "11"]
[EventCountry "ENG"]
[SourceDate "2005.10.25"]

1. e4 c5 2. Nf3 e6 3. d4 cxd4 4. Nxd4 a6 5. Nc3 Qc7 6. Bd3 Nf6 7. O-O b5 8. Re1
Bc5 9. Nb3 Bd6 10. g3 b4 11. Nb1 Nc6 12. N1d2 Be7 13. Nc4 d6 14. a4 a5 15. Be3
Nd7 16. Qh5 Nce5 17. Nxe5 dxe5 18. Rac1 O-O 19. c3 Qb8 20. Bb5 Nf6 21. Qf3 bxc3
1/2-1/2

[Event "4NCL/Div2/WRO vs. CAMB1"]
[Site "Birmingham ENG"]
[Date "2005.11.19"]
[Round "3.2"]
[White "Pinter, Gabor"]
[Black "Kaid, Almar"]
[Result "1/2-1/2"]
[WhiteElo "2353"]
[BlackElo "2275"]
[PlyCount "53"]
[EventDate "2005.11.19"]
[EventType "team"]
[EventRounds "11"]
[EventCountry "ENG"]
[SourceDate "2005.10.25"]

1. e4 e6 2. d3 d5 3. Qe2 dxe4 4. dxe4 e5 5. Nf3 Nd7 6. g3 Bc5 7. Bg2 b6 8. O-O
a5 9. Rd1 Ba6 10. c4 Qe7 11. Nc3 c6 12. b3 Ngf6 13. Na4 O-O 14. Nxc5 Nxc5 15.
Bb2 Nfd7 16. Rd2 f6 17. Rad1 Rfd8 18. Ba3 Nf8 19. Bh3 Rxd2 20. Qxd2 Bb7 21. Qe3
Bc8 22. Bxc5 bxc5 23. Bxc8 Rxc8 24. Qd2 Qc7 25. Kf1 Ne6 26. Qd7 Nd4 27. Qxc7
1/2-1/2